Un regard contemporain sur les événements de 1939 (Запись № 8540787)

Подробности
000 -МАРКЕР
контрольное поле 01482nam0a22003131 4500
001 - ИДЕНТИФИКАТОР ЗАПИСИ
контрольное поле RU\INFOCOMM_318\NLR\5000067870
005 - ИДЕНТИФИКАТОР ВЕРСИИ
контрольное поле 20250613103537.0
035 ## - ДРУГИЕ СИСТЕМНЫЕ НОМЕРА
Идентификатор записи (NLR Aleph) 009473299
100 ## - ДАННЫЕ ОБЩЕЙ ОБРАБОТКИ
Данные общей обработки 20121120d1989 |||y0rusy50 ca
101 0# - ЯЗЫК РЕСУРСА
Язык текста, звукозаписи и т.д. французский
102 ## - СТРАНА ПУБЛИКАЦИИ ИЛИ ПРОИЗВОДСТВА
Страна публикации российская федерация
105 ## - ПОЛЕ КОДИРОВАННЫХ ДАННЫХ: ТЕКСТОВЫЕ МАТЕРИАЛЫ, МОНОГРАФИЧЕСКИЕ
Кодированные данные о монографическом текстовом документе y z |||||
200 1# - ЗАГЛАВИЕ И СВЕДЕНИЯ ОБ ОТВЕТСТВЕННОСТИ
Основное заглавие Un regard contemporain sur les événements de 1939
Сведения, относящиеся к заглавию Membre du Bureau polit. et secrétaire du C. C. du P. C. U. S. répond aux questions de la "Pravda"
Первые сведения об ответственности Alexandre Yakovlev
210 ## - ПУБЛИКАЦИЯ, РАСПРОСТРАНЕНИЕ И ДР.
Место издания, распространения и т.д. M.
Имя издателя, распространителя и т. д. Éd. de l'Agence de presse "Novosti"
Дата издания, распространения и т.д. 1989
215 ## - ФИЗИЧЕСКАЯ ХАРАКТЕРИСТИКА
Специфическое обозначение материала и объем 15 с.
Размеры 20 см
300 ## - ОБЩИЕ ПРИМЕЧАНИЯ
Текст примечания В вып. дан.: События 1939 года - взгляд с полувековой дистанции: Член Политбюро, секретарь ЦК КПСС отвечает на вопросы "Правды" / Александр Николаевич Яковлев
605 0# - ЗАГЛАВИЕ КАК ПРЕДМЕТ
Начальный элемент ввода Советско-германский пакт о ненападении
Хронологический подзаголовок 1939
Код системы nlr_sh1
620 ## - МЕСТО И ДАТА ПУБЛИКАЦИИ, ИСПОЛНЕНИЯ И Т. Д.
Страна Москва
686 ## - ИНДЕКСЫ ДРУГИХ КЛАССИФИКАЦИЙ
Индекс Т3(4Г)63-64(2)
Код системы
686 ## - ИНДЕКСЫ ДРУГИХ КЛАССИФИКАЦИЙ
Индекс Т3(0)621
Код системы
686 ## - ИНДЕКСЫ ДРУГИХ КЛАССИФИКАЦИЙ
Индекс Т3(2)721-64(4Г)
Код системы
700 #1 - ИМЯ ЛИЦА - ПЕРВИЧНАЯ ОТВЕТСТВЕННОСТЬ
Код отношения Автор
Графика поля Латинская
Материалы, к которым относится поле rus
Начальный элемент ввода Jakovlev
Часть имени, кроме начального элемента ввода A. N.
Дополнения к именам, кроме дат д-р ист. наук, полит. деятель
Даты 1923-2005
Расширение инициалов личного имени Aleksandr Nikolaevič
Системный номер авторитетной/нормативной записи 255131
Идентификатор авторитетной/нормативной записи RU\NLR\AUTH\770255187
790 #1 - ИМЯ ЛИЦА - АЛЬТЕРНАТИВНАЯ ФОРМА
Системный номер авторитетной/нормативной записи z01700
Начальный элемент ввода Yakovlev
Часть имени, кроме начального элемента ввода A.
Расширение инициалов личного имени Alexandre
Код отношения Автор
801 #1 - ИСТОЧНИК ЗАПИСИ
Страна российская федерация
Организация NLR
Дата составления 20121120
801 #0 - ИСТОЧНИК ЗАПИСИ
Страна российская федерация
Организация INFOCOMM
Правила каталогизации PSBO
852 ## - МЕСТОНАХОЖДЕНИЕ И ШИФР ХРАНЕНИЯ
Идентификатор организации NLR
Шифр хранения (Call Number) И25 Д-4/585
942 ## - ДОПОЛНИТЕЛЬНЫЕ ЭЛЕМЕНТЫ ЗАПИСИ (АБИС)
Тип экземпляра АБИС Книга
980 ## - КОЛЛЕКЦИЯ
Название коллекции Национальная библиография
Экземпляры
Тип экземпляра Дата поступления Библиотека постоянного хранения Библиотека текущего хранения Место хранения Шифр хранения Штрих-код Статус не для выдачи
Книга 26.10.2013 РНБ (Московский) РНБ (Московский) Иностранный книжный фонд И25 Д-4/585 9473299-10